Public administration / (Record no. 9449)
[ view plain ]
| 000 -LEADER | |
|---|---|
| fixed length control field | 00844nam a22001697a 4500 |
| 005 - DATE AND TIME OF LATEST TRANSACTION | |
| control field | 20230626151514.0 |
| 008 - FIXED-LENGTH DATA ELEMENTS--GENERAL INFORMATION | |
| fixed length control field | 230320b ||||| |||| 00| 0 eng d |
| 020 ## - INTERNATIONAL STANDARD BOOK NUMBER | |
| International Standard Book Number | 9789988274054 |
| 050 ## - LIBRARY OF CONGRESS CALL NUMBER | |
| Classification number | JQ3030.B73 |
| 245 ## - TITLE STATEMENT | |
| Title | Public administration / |
| Statement of responsibility, etc. | Isaac Brako and Kwame Asah-Asante. |
| 260 ## - PUBLICATION, DISTRIBUTION, ETC. | |
| Place of publication, distribution, etc. | Tema : |
| Name of publisher, distributor, etc. | Digibooks Ghana Limited, |
| Date of publication, distribution, etc. | 2018. |
| 300 ## - PHYSICAL DESCRIPTION | |
| Extent | xii, 137 p. : |
| Other physical details | ill. ; |
| Dimensions | 24 cm. |
| 500 ## - GENERAL NOTE | |
| General note | Includes bibliographical references and index. |
| 505 ## - FORMATTED CONTENTS NOTE | |
| Formatted contents note | Contents : Nature and scope of public administration -- Dichotomy between public and private administration -- Public policy processes, actors and instruments -- Principles of administration -- Organization of government Ministries, Departments and Agencies (MDAs) -- Civil service -- Bureaucracy -- Bureaucratic corruption. |
| 700 ## - ADDED ENTRY--PERSONAL NAME | |
| Personal name | Asah-Asante, Kwame. |
| 9 (RLIN) | 1050 |
| 942 ## - ADDED ENTRY ELEMENTS (KOHA) | |
| Source of classification or shelving scheme | Library of Congress Classification |
| Koha item type | Books |
| Withdrawn status | Lost status | Source of classification or shelving scheme | Damaged status | Not for loan | Home library | Current library | Shelving location | Date acquired | Full call number | Barcode | Date last seen | Copy number | Price effective from | Koha item type |
|---|---|---|---|---|---|---|---|---|---|---|---|---|---|---|
| Library of Congress Classification | WISCONSIN INTERNATIONAL UNIVERSITY COLLEGE, GHANA - MAIN LIBRARY | WISCONSIN INTERNATIONAL UNIVERSITY COLLEGE, GHANA - MAIN LIBRARY | Reference | 20/03/2023 | JQ3030.B73 | 9304/005/23 | 20/03/2023 | 1 | 20/03/2023 | Books | ||||
| Library of Congress Classification | WISCONSIN INTERNATIONAL UNIVERSITY COLLEGE, GHANA - MAIN LIBRARY | WISCONSIN INTERNATIONAL UNIVERSITY COLLEGE, GHANA - MAIN LIBRARY | Reference | 20/03/2023 | JQ3030.B731 | 9305/006/23 | 20/03/2023 | 2 | 20/03/2023 | Books | ||||
| Library of Congress Classification | WISCONSIN INTERNATIONAL UNIVERSITY COLLEGE, GHANA - MAIN LIBRARY | WISCONSIN INTERNATIONAL UNIVERSITY COLLEGE, GHANA - MAIN LIBRARY | Reference | 20/03/2023 | JQ3030.B732 | 9306/007/23 | 20/03/2023 | 3 | 20/03/2023 | Books | ||||
| Library of Congress Classification | WISCONSIN INTERNATIONAL UNIVERSITY COLLEGE, GHANA - MAIN LIBRARY | WISCONSIN INTERNATIONAL UNIVERSITY COLLEGE, GHANA - MAIN LIBRARY | Reference | 20/03/2023 | JQ3030.B733 | 9307/008/23 | 20/03/2023 | 4 | 20/03/2023 | Books |
